00701nam a22002177a 4500008004100000020001500041040001800056041000800074060002200082100004700104245008200151260003900233300001700272650002300289650001500312650001300327650002700340650001600367650001100383700008900394130821s2000 sp gr spa  a8445808915 aCo-BoUCMbspa00aspa aQT 34bP37122000 aPedraza VELASCO, María Lourdes...[Et Al]00aFísica aplicada a las ciencias de la saludcMaría Lourdes Pedraza Velasco aBarcelona (España)bMassonc2000 a416páginas04aCiencias naturales04aDinámica04aFísica04aMovimiento ondulatorio04aTemperatura04aTitulo aMiangolarra, J.C. y Dias, Oliverio; Villapalos, Gustavo, prol.; Zaragoza, Juan, int.